[Event "DVM U20 2009"]
[Site "Chemnitz GER"]
[Date "2009.12.28"]
[Round "3"]
[White "Schwenke, Vincent"]
[Black "Iwanziw, Niklas"]
[Result "1/2-1/2"]
[Termination "normal"]
[Board "4.5"]
[WhiteElo "1814"]
[BlackElo "1902"]
[WhiteTeam "SG Aufbau Elbe Magdeburg"]
[BlackTeam "Sfr.Neuberg"]
[PlyCount "21"]
[WhiteFideId "24620467"]
[BlackFideId "24647101"]
[EventCountry "GER"]
[EventRounds "7"]
[EventType "team-swiss"]
[EventDate "2009.12.26"]

1. d4 d5 2. c4 e6 3. Nc3 c6 4. c5 Nf6 5. Bg5 Be7 6. e3 Nbd7 7. Nf3 O-O 8. Bd3
e5 9. dxe5 Ng4 10. Bf4 f6 11. exf6 1/2-1/2

[Event "DVM U20 2009"]
[Site "Chemnitz GER"]
[Date "2009.12.28"]
[Round "3"]
[White "Bluhm, Achim"]
[Black "Nieber, Alexander"]
[Result "0-1"]
[Termination "normal"]
[Board "4.6"]
[WhiteElo "1958"]
[BlackElo "1825"]
[WhiteTeam "Sfr.Neuberg"]
[BlackTeam "SG Aufbau Elbe Magdeburg"]
[PlyCount "92"]
[WhiteFideId "1270565"]
[BlackFideId "24691224"]
[EventCountry "GER"]
[EventRounds "7"]
[EventType "team-swiss"]
[EventDate "2009.12.26"]

1. d4 Nf6 2. Nf3 e6 3. e3 b6 4. Bd3 Bb7 5. O-O Be4 6. Nbd2 Bxd3 7. cxd3 d5 8.
Ne5 c5 9. Qa4+ Nfd7 10. e4 Be7 11. Ndf3 O-O 12. Rd1 cxd4 13. Nxd7 Qxd7 14. Qxd7
Nxd7 15. Nxd4 Rac8 16. Be3 Nf6 17. f3 e5 18. Nf5 Bc5 19. Rac1 Bxe3+ 20. Nxe3 g6
21. g3 dxe4 22. dxe4 b5 23. Nd5 Nxd5 24. exd5 Rxc1 25. Rxc1 Rd8 26. Rc5 a6 27.
b4 Kf8 28. Kf2 Ke7 29. Ke3 f5 30. h4 h5 31. a3 Rd6 32. Kd3 Rd7 33. Ke3 Rd6 34.
Rc7+ Rd7 35. Rc6 Rd6 36. Rc5 Rd8 37. Kd3 Rd7 38. Kc3 Kd8 39. Kd3 Rc7 40. f4
Rxc5 41. bxc5 e4+ 42. Kd4 a5 43. d6 b4 44. axb4 axb4 45. g4 hxg4 46. Kd5 e3 0-1

[Event "DVM U20 2009"]
[Site "Chemnitz GER"]
[Date "2009.12.28"]
[Round "3"]
[White "Rudolf, Sebastian"]
[Black "Fox, Daniel"]
[Result "1-0"]
[Termination "normal"]
[Board "5.1"]
[WhiteElo "2201"]
[BlackElo "2118"]
[WhiteTeam "SG Grün-Weiß Dresden"]
[BlackTeam "Brackweder SK von 1924"]
[PlyCount "87"]
[WhiteFideId "24609390"]
[BlackFideId "24623172"]
[EventCountry "GER"]
[EventRounds "7"]
[EventType "team-swiss"]
[EventDate "2009.12.26"]

1. e4 e6 2. d4 d5 3. Nd2 Nf6 4. e5 Nfd7 5. c3 c5 6. f4 Nc6 7. Ndf3 cxd4 8. cxd4
f5 9. Bd3 Be7 10. Ne2 Nb6 11. O-O O-O 12. Kh1 Bd7 13. Rg1 Be8 14. h3 a5 15. g4
Bg6 16. gxf5 Bxf5 17. Bxf5 exf5 18. Rg2 Qd7 19. Qg1 Rf7 20. Ng3 Kh8 21. Nh5 Rg8
22. Ng5 Bxg5 23. fxg5 Ne7 24. g6 Nxg6 25. Rxg6 hxg6 26. Nf4 Qb5 27. Be3 Rc8 28.
Qxg6 Kg8 29. Rg1 Rc6 30. e6 Re7 31. Qf6 Qb4 32. Nh5 Rcc7 33. Bh6 Qe1 34. Nxg7
Qe4+ 35. Kh2 Rc2+ 36. Kg3 Qe3+ 37. Kh4 Qe4+ 38. Kh5 Qf3+ 39. Kg6 Rg2+ 40. Rxg2
Qxg2+ 41. Bg5 Qxg5+ 42. Kxg5 Rxg7+ 43. Kf4 Nc8 44. Qd8+ 1-0

[Event "DVM U20 2009"]
[Site "Chemnitz GER"]
[Date "2009.12.28"]
[Round "3"]
[White "Fox, Jonas"]
[Black "Schnoor, Ekkehard"]
[Result "1/2-1/2"]
[Termination "normal"]
[Board "5.2"]
[WhiteElo "2031"]
[BlackElo "1997"]
[WhiteTeam "Brackweder SK von 1924"]
[BlackTeam "SG Grün-Weiß Dresden"]
[PlyCount "113"]
[WhiteFideId "24667056"]
[BlackFideId "24639753"]
[EventCountry "GER"]
[EventRounds "7"]
[EventType "team-swiss"]
[EventDate "2009.12.26"]

1. e4 c5 2. Nf3 d6 3. d4 cxd4 4. Nxd4 Nf6 5. Nc3 a6 6. Be3 e5 7. Nb3 Be6 8. f3
Be7 9. Qd2 O-O 10. O-O-O Nbd7 11. g4 b5 12. g5 b4 13. Ne2 Ne8 14. f4 a5 15. f5
a4 16. Nbd4 exd4 17. Nxd4 b3 18. Kb1 bxc2+ 19. Qxc2 Bxa2+ 20. Kxa2 Bxg5 21. Nc6
Qf6 22. Bd4 Qh6 23. Rd3 Ne5 24. Nxe5 dxe5 25. Bxe5 Qb6 26. Bd4 Qb7 27. Rg1 Bf6
28. e5 Bd8 29. f6 g6 30. Qd2 Rb8 31. Bg2 Qb5 32. Rc1 Ba5 33. Qe3 Nc7 34. Bc6
Qb4 35. Bd7 Rfd8 36. Qh6 Qf8 37. Qxf8+ Kxf8 38. Bxa4 Ne6 39. Bc5+ Nxc5 40.
Rxd8+ Rxd8 41. Rxc5 Bb6 42. Rb5 Bc7 43. Rb7 Bxe5 44. Bb3 Ra8+ 45. Kb1 Rb8 46.
Rxf7+ Ke8 47. Re7+ Kf8 48. Rxe5 Rxb3 49. Kc2 Rf3 50. Re6 Rf2+ 51. Kc3 Rxh2 52.
b4 Kf7 53. Rc6 Rh1 54. b5 Rb1 55. Kc4 h5 56. Kc5 h4 57. b6 1/2-1/2

[Event "DVM U20 2009"]
[Site "Chemnitz GER"]
[Date "2009.12.28"]
[Round "3"]
[White "Kunze, Christopher"]
[Black "Ehrlich, Tim"]
[Result "1-0"]
[Termination "normal"]
[Board "5.3"]
[WhiteElo "1948"]
[BlackElo "1977"]
[WhiteTeam "SG Grün-Weiß Dresden"]
[BlackTeam "Brackweder SK von 1924"]
[PlyCount "109"]
[WhiteFideId "4647998"]
[BlackFideId "24666548"]
[EventCountry "GER"]
[EventRounds "7"]
[EventType "team-swiss"]
[EventDate "2009.12.26"]

1. e4 c5 2. Nc3 Nc6 3. g3 d6 4. Bg2 g6 5. d3 Bg7 6. f4 e6 7. Nf3 Nge7 8. O-O
O-O 9. Be3 b6 10. d4 d5 11. exd5 Nf5 12. Bf2 Ncxd4 13. dxe6 Bxe6 14. Ne5 Rc8
15. Ne4 Bd5 16. c3 Nc6 17. Ng4 Bxe4 18. Bxe4 Nd6 19. Bg2 h5 20. Ne3 Ne7 21. Qc2
Qc7 22. Rad1 b5 23. Nd5 Nxd5 24. Bxd5 Kh7 25. Bf3 Kh8 26. Rd5 Nb7 27. Bxh5 Rcd8
28. Rfd1 Rxd5 29. Rxd5 Rd8 30. Bf3 Rxd5 31. Bxd5 Nd6 32. Qe2 b4 33. cxb4 cxb4
34. Qa6 Bxb2 35. Qxa7 Qc1+ 36. Kg2 Kg7 37. Qe3 Qxe3 38. Bxe3 Nb5 39. Bc5 Bc3
40. Kf3 Nc7 41. Bc4 Kf6 42. Ke4 Ne6 43. Bd6 Be1 44. Bd5 Bd2 45. Kd3 Be1 46. Kc4
g5 47. Bxb4 Bf2 48. Bxe6 fxe6 49. fxg5+ Kxg5 50. Bd6 Kf5 51. Kd3 e5 52. Ke2 Bd4
53. a4 Kg4 54. a5 Ba7 55. Bxe5 1-0

[Event "DVM U20 2009"]
[Site "Chemnitz GER"]
[Date "2009.12.28"]
[Round "3"]
[White "Rücker, Bastian"]
[Black "Zimmermann, René"]
[Result "1-0"]
[Termination "normal"]
[Board "5.4"]
[WhiteElo "1875"]
[BlackElo "2044"]
[WhiteTeam "Brackweder SK von 1924"]
[BlackTeam "SG Grün-Weiß Dresden"]
[PlyCount "91"]
[WhiteFideId "24682381"]
[BlackFideId "24624349"]
[EventCountry "GER"]
[EventRounds "7"]
[EventType "team-swiss"]
[EventDate "2009.12.26"]

1. d4 d5 2. c4 e6 3. cxd5 exd5 4. Nc3 c6 5. Qc2 f5 6. Bf4 Nf6 7. Nf3 Bd6 8.
Bxd6 Qxd6 9. e3 O-O 10. g3 b6 11. Bd3 Ne4 12. O-O Nd7 13. Rfe1 Bb7 14. Nd2 Rae8
15. Bf1 a6 16. Bg2 Kh8 17. f3 Nef6 18. Qxf5 c5 19. Qc2 b5 20. a3 cxd4 21. exd4
Qb6 22. Nb3 a5 23. a4 b4 24. Ne2 Ba6 25. Rad1 Re3 26. Kf2 Ng4+ 27. Kg1 Nge5 28.
Nf4 Nxf3+ 29. Bxf3 Rxf3 30. Re6 Qa7 31. Re7 Bc8 32. Ng6+ hxg6 33. Qxg6 R3f7 34.
Rxf7 Rxf7 35. Qxf7 Qa6 36. Qh5+ Kg8 37. Qxd5+ Kh8 38. Qh5+ Kg8 39. Qe8+ Kh7 40.
Nc5 Qc6 41. Ne6 Qc2 42. Qh5+ Kg8 43. Ng5 Nf6 44. Qf7+ Kh8 45. Re1 Bd7 46. Qxd7
1-0

[Event "DVM U20 2009"]
[Site "Chemnitz GER"]
[Date "2009.12.28"]
[Round "3"]
[White "Marsel, Patrick"]
[Black "Spisla, Dominik"]
[Result "0-1"]
[Termination "normal"]
[Board "5.5"]
[WhiteElo "1976"]
[BlackElo "1807"]
[WhiteTeam "SG Grün-Weiß Dresden"]
[BlackTeam "Brackweder SK von 1924"]
[PlyCount "153"]
[WhiteFideId "24623741"]
[BlackFideId "24676306"]
[EventCountry "GER"]
[EventRounds "7"]
[EventType "team-swiss"]
[EventDate "2009.12.26"]

1. d4 d5 2. c4 c6 3. Nc3 Nf6 4. Nf3 g6 5. Bf4 Bg7 6. e3 O-O 7. h3 b6 8. Be2 Bb7
9. O-O Nbd7 10. Rc1 Rc8 11. Nd2 c5 12. Bf3 cxd4 13. exd4 e6 14. Bd6 Re8 15. Ba3
Bf8 16. Bxf8 Nxf8 17. b4 Ba6 18. c5 Bxf1 19. Qxf1 Re7 20. Be2 Ne8 21. Ba6 Rb8
22. a3 f6 23. Qd3 Nc7 24. Nb3 e5 25. Rd1 exd4 26. Nxd4 Qe8 27. Kf1 bxc5 28.
bxc5 Rd8 29. Bb7 Rb8 30. c6 Kg7 31. Ncb5 Nxb5 32. Nxb5 Ne6 33. Qxd5 Nc7 34.
Nxc7 Rxc7 35. a4 Qe7 36. Rb1 Rd8 37. Qa5 Qd6 38. Kg1 Re7 39. Rc1 Qf4 40. Qc5
Rde8 41. Rf1 Qb8 42. g3 Rxb7 43. cxb7 Qxb7 44. Rc1 Re7 45. Qc6 Qb4 46. Kf1 Qd4
47. Qc4 Qe5 48. Kg2 Qd6 49. Rc3 f5 50. Rd3 Qf6 51. Qd4 Qxd4 52. Rxd4 Kf6 53.
Kf3 h6 54. a5 Re5 55. Rd6+ Re6 56. Rd7 Re7 57. Rd6+ Re6 58. Rd8 Ra6 59. Rd5 Re6
60. Rd7 Re7 61. Rxe7 Kxe7 62. Ke3 Ke6 63. Kd4 Kd6 64. Kc4 Kc6 65. f4 h5 66. h4
a6 67. Kd4 Kb5 68. Ke5 Kxa5 69. Kf6 Kb5 70. Kxg6 a5 71. Kxf5 a4 72. Kg6 a3 73.
Kxh5 a2 74. f5 a1=Q 75. Kg6 Qh8 76. Kf7 Qh5+ 77. Ke7 0-1

[Event "DVM U20 2009"]
[Site "Chemnitz GER"]
[Date "2009.12.28"]
[Round "3"]
[White "Olyschläger, Richard"]
[Black "Nitze, Florian"]
[Result "1-0"]
[Termination "normal"]
[Board "5.6"]
[WhiteElo "1942"]
[BlackElo "1719"]
[WhiteTeam "Brackweder SK von 1924"]
[BlackTeam "SG Grün-Weiß Dresden"]
[PlyCount "101"]
[WhiteFideId "24630209"]
[BlackFideId "24603902"]
[EventCountry "GER"]
[EventRounds "7"]
[EventType "team-swiss"]
[EventDate "2009.12.26"]

1. e4 e6 2. d3 c5 3. Nf3 Nc6 4. g3 g6 5. Bg2 Bg7 6. O-O Nge7 7. c3 O-O 8. Qe2
d5 9. e5 d4 10. c4 Nf5 11. Re1 f6 12. exf6 Bxf6 13. Nbd2 Nd6 14. Ne4 Nxe4 15.
Qxe4 e5 16. Qe2 Bf5 17. Nd2 Qc7 18. Ne4 Bxe4 19. Bxe4 Rae8 20. a3 Na5 21. Bh6
Bg7 22. Bxg7 Kxg7 23. b4 cxb4 24. axb4 Nc6 25. b5 Na5 26. h4 b6 27. Reb1 Rf6
28. Rb2 Ref8 29. Qg4 h6 30. h5 g5 31. Bd5 Qc8 32. Qxc8 Rxc8 33. Re2 Rcf8 34. f3
Rxf3 35. Bxf3 Rxf3 36. Rd1 Rxg3+ 37. Kf2 Rg4 38. Rxe5 Rf4+ 39. Kg3 Rf7 40. Re4
Nb3 41. Rde1 Nd2 42. Re7 Nf1+ 43. Kh3 Ne3 44. Rxf7+ Kxf7 45. Ra1 Kf6 46. Rxa7
g4+ 47. Kg3 Kg5 48. c5 Nf5+ 49. Kg2 Kh4 50. cxb6 Ne3+ 51. Kg1 1-0

[Event "DVM U20 2009"]
[Site "Chemnitz GER"]
[Date "2009.12.28"]
[Round "3"]
[White "Schäfer, Alexander"]
[Black "Lock, Adrian"]
[Result "0-1"]
[Termination "normal"]
[Board "6.2"]
[WhiteElo "2073"]
[BlackElo "2014"]
[WhiteTeam "SC Tamm 74"]
[BlackTeam "SC Königsspringer Hamburg 1984"]
[PlyCount "60"]
[WhiteFideId "24615196"]
[BlackFideId "24651290"]
[EventCountry "GER"]
[EventRounds "7"]
[EventType "team-swiss"]
[EventDate "2009.12.26"]

1. d4 d5 2. c4 dxc4 3. e3 Nf6 4. Bxc4 e6 5. Nf3 a6 6. O-O Nbd7 7. Nc3 b5 8. Bb3
Bb7 9. Bd2 c5 10. Rc1 Rc8 11. Ne2 Be7 12. Nf4 c4 13. Bc2 b4 14. Qe1 a5 15. a3
Bxf3 16. gxf3 Qb6 17. axb4 axb4 18. Bd3 Qa5 19. e4 O-O 20. Be2 e5 21. dxe5 Qxe5
22. Bxc4 Bd6 23. Qe3 g5 24. Qb3 Rb8 25. Kh1 gxf4 26. Rg1+ Kh8 27. Bxf7 Nc5 28.
Qc4 Qxb2 29. Rc2 Qa3 30. Qe2 Rxf7 0-1

[Event "DVM U20 2009"]
[Site "Chemnitz GER"]
[Date "2009.12.28"]
[Round "3"]
[White "Maiorov, Daniel"]
[Black "Lange, Jan-David"]
[Result "0-1"]
[Termination "normal"]
[Board "6.3"]
[WhiteElo "1920"]
[BlackElo "2118"]
[WhiteTeam "SC Königsspringer Hamburg 1984"]
[BlackTeam "SC Tamm 74"]
[PlyCount "106"]
[WhiteFideId "24646920"]
[BlackFideId "24614963"]
[EventCountry "GER"]
[EventRounds "7"]
[EventType "team-swiss"]
[EventDate "2009.12.26"]

1. e4 c5 2. Nf3 Nc6 3. d4 cxd4 4. Nxd4 Nf6 5. Nc3 d6 6. Bg5 e6 7. Qd2 Be7 8.
O-O-O Nxd4 9. Qxd4 O-O 10. h4 Qa5 11. f4 e5 12. fxe5 dxe5 13. Qa4 Qxa4 14. Nxa4
h6 15. Bxf6 Bxf6 16. Be2 b6 17. Nc3 Be6 18. Nd5 Rad8 19. Nxf6+ gxf6 20. Rd3
Rxd3 21. Bxd3 Kh7 22. Kd2 Rg8 23. Rg1 Rg3 24. Ke2 Kg6 25. Kf2 Rg4 26. g3 f5 27.
exf5+ Bxf5 28. Rd1 Rd4 29. Bxf5+ Kxf5 30. Rxd4 exd4 31. Kf3 h5 32. a4 a5 33. b3
f6 34. Kf2 Ke4 35. Ke2 f5 36. Kf2 f4 37. gxf4 Kxf4 38. Ke2 Kg3 39. Kd3 Kxh4 40.
Kxd4 Kg4 41. Kc4 h4 42. Kb5 h3 43. Kxb6 h2 44. Kxa5 h1=Q 45. b4 Kf5 46. b5 Ke6
47. c4 Kd6 48. b6 Qa8+ 49. Kb5 Qc6+ 50. Ka5 Qc5+ 51. Ka6 Qxc4+ 52. Ka5 Kc6 53.
b7 Qc5+ 0-1

[Event "DVM U20 2009"]
[Site "Chemnitz GER"]
[Date "2009.12.28"]
[Round "3"]
[White "Schäfer, Daniela"]
[Black "Streich, Justus"]
[Result "1/2-1/2"]
[Termination "normal"]
[Board "6.4"]
[WhiteElo "1897"]
[BlackElo "1902"]
[WhiteTeam "SC Tamm 74"]
[BlackTeam "SC Königsspringer Hamburg 1984"]
[PlyCount "88"]
[WhiteFideId "4624769"]
[BlackFideId "24697168"]
[EventCountry "GER"]
[EventRounds "7"]
[EventType "team-swiss"]
[EventDate "2009.12.26"]

1. e4 e6 2. d4 d5 3. Nd2 dxe4 4. Nxe4 Be7 5. Nf3 Nf6 6. Bd3 O-O 7. O-O Nbd7 8.
Ne5 Nxe4 9. Bxe4 Nf6 10. Bd3 c5 11. dxc5 Bxc5 12. Bg5 h6 13. Bh4 Be7 14. c3 Qc7
15. Bg3 Bd6 16. Nf3 Bxg3 17. hxg3 e5 18. Re1 Bg4 19. Qc2 Rfe8 20. Nh2 Bd7 21.
Rad1 Bc6 22. Nf1 e4 23. Be2 Re5 24. Ne3 Rae8 25. Nc4 R5e6 26. Ne3 Rd6 27. Rxd6
Qxd6 28. Rd1 Qe5 29. Nc4 Qg5 30. Ne3 Nd5 31. Nxd5 Bxd5 32. Qa4 Ra8 33. Qa5 Bc6
34. Qxg5 hxg5 35. f3 Kf8 36. fxe4 Bxe4 37. Bf3 Bxf3 38. gxf3 Ke7 39. Kf2 Ke6
40. Rd4 f5 41. Rb4 b6 42. Rc4 Kd6 43. Rd4+ Ke6 44. Rc4 Kd6 1/2-1/2

[Event "DVM U20 2009"]
[Site "Chemnitz GER"]
[Date "2009.12.28"]
[Round "3"]
[White "Döring, Stefan"]
[Black "Akram, Shumon"]
[Result "1-0"]
[Termination "normal"]
[Board "6.6"]
[WhiteElo "1552"]
[BlackElo "1732"]
[WhiteTeam "SC Tamm 74"]
[BlackTeam "SC Königsspringer Hamburg 1984"]
[PlyCount "45"]
[WhiteFideId "1272047"]
[BlackFideId "24697184"]
[EventCountry "GER"]
[EventRounds "7"]
[EventType "team-swiss"]
[EventDate "2009.12.26"]

1. d4 d5 2. c4 dxc4 3. e3 a6 4. Bxc4 Nf6 5. Nf3 e6 6. O-O b5 7. Bd3 Bb7 8. Re1
c5 9. e4 cxd4 10. Nxd4 Be7 11. e5 Nfd7 12. Qg4 g6 13. Bh6 Bf8 14. Nxe6 Qb6 15.
Nxf8 Nxf8 16. Bxf8 Kxf8 17. e6 fxe6 18. Rxe6 Qd8 19. Nc3 Kg7 20. Bxg6 hxg6 21.
Qxg6+ Kf8 22. Rf6+ Ke7 23. Qf7# 1-0

[Event "DVM U20 2009"]
[Site "Chemnitz GER"]
[Date "2009.12.28"]
[Round "3"]
[White "Geshnizjani, Ramin Tobias"]
[Black "Friedrich, Wiede"]
[Result "0-1"]
[Termination "normal"]
[Board "7.1"]
[WhiteElo "2096"]
[BlackElo "2114"]
[WhiteTeam "Heilbronner SV"]
[BlackTeam "USV Potsdam"]
[PlyCount "110"]
[WhiteFideId "24633089"]
[BlackFideId "24629537"]
[EventCountry "GER"]
[EventRounds "7"]
[EventType "team-swiss"]
[EventDate "2009.12.26"]

1. e4 e5 2. Nf3 Nc6 3. Bb5 a6 4. Ba4 Nf6 5. Qe2 b5 6. Bb3 Be7 7. c3 O-O 8. O-O
d6 9. Rd1 Na5 10. Bc2 c5 11. d4 Qc7 12. d5 Nc4 13. Nbd2 Nxd2 14. Bxd2 c4 15. a4
Bd7 16. Ra2 Qb7 17. Rda1 Rfc8 18. Be1 Bd8 19. a5 Bc7 20. h3 Bb8 21. Bd2 Ba7 22.
Kh2 Bc5 23. Rb1 Rab8 24. b4 cxb3 25. Rxb3 Qa7 26. Be1 Qc7 27. Bd3 Qd8 28. Nd2
Rc7 29. Nf1 Be8 30. Ne3 Bxe3 31. Qxe3 Nd7 32. Rb4 Nc5 33. Bc2 Nb7 34. Bd3 Rc5
35. Rb3 f5 36. exf5 Bf7 37. Be4 Nxa5 38. Rb1 Nc4 39. Qd3 a5 40. f3 Kh8 41. g4
a4 42. h4 Nb6 43. Bf2 Nxd5 44. Bxc5 Nf4 45. Qxd6 Qxh4+ 46. Kg1 Rd8 47. Qxd8+
Qxd8 48. Rh2 Bc4 49. f6 h6 50. Be7 Qd7 51. Bf5 Qa7+ 52. Kh1 Bd5 53. fxg7+ Kxg7
54. Bf6+ Kxf6 55. Rxh6+ Kg5 0-1

[Event "DVM U20 2009"]
[Site "Chemnitz GER"]
[Date "2009.12.28"]
[Round "3"]
[White "Zahn, Benno"]
[Black "Luo, Xinping"]
[Result "1/2-1/2"]
[Termination "normal"]
[Board "7.2"]
[WhiteElo "1983"]
[BlackElo "2130"]
[WhiteTeam "USV Potsdam"]
[BlackTeam "Heilbronner SV"]
[PlyCount "80"]
[WhiteFideId "24636070"]
[BlackFideId "4648951"]
[EventCountry "GER"]
[EventRounds "7"]
[EventType "team-swiss"]
[EventDate "2009.12.26"]

1. e4 d5 2. exd5 Qxd5 3. Nf3 Bg4 4. Be2 Nc6 5. d4 O-O-O 6. c4 Qf5 7. Be3 Nf6 8.
O-O Kb8 9. d5 e6 10. Nd4 Nxd4 11. Bxg4 Qxg4 12. Bxd4 Qxd1 13. Rxd1 exd5 14.
Bxf6 gxf6 15. cxd5 Bd6 16. Nd2 Rd7 17. Nc4 Rhd8 18. Rd3 c6 19. Rh3 Be5 20. d6
b5 21. Nxe5 fxe5 22. Rxh7 Rxd6 23. h4 Rf6 24. Re1 Rd5 25. Rg7 Kc7 26. g4 Rd2
27. Rf1 Rxb2 28. h5 Rb4 29. f3 Rb2 30. g5 Rf4 31. h6 Kd6 32. Rf2 Rb1+ 33. Kg2
Ke6 34. Rc2 Rh4 35. Rxc6+ Kd5 36. Rc2 Rbh1 37. Rf2 R4h2+ 38. Kg3 Rh3+ 39. Kg4
Rh4+ 40. Kg3 R4h3+ 1/2-1/2

[Event "DVM U20 2009"]
[Site "Chemnitz GER"]
[Date "2009.12.28"]
[Round "3"]
[White "Häusinger, Benjamin"]
[Black "Penne, Bo"]
[Result "1-0"]
[Termination "normal"]
[Board "7.3"]
[WhiteElo "1985"]
[BlackElo "1990"]
[WhiteTeam "Heilbronner SV"]
[BlackTeam "USV Potsdam"]
[PlyCount "75"]
[WhiteFideId "24659576"]
[BlackFideId "24642193"]
[EventCountry "GER"]
[EventRounds "7"]
[EventType "team-swiss"]
[EventDate "2009.12.26"]

1. Nf3 Nf6 2. d4 d5 3. c4 e6 4. Nc3 Nbd7 5. Bg5 c6 6. e3 Qa5 7. cxd5 exd5 8.
Bd3 Bd6 9. O-O O-O 10. Re1 Bb4 11. Qc2 h6 12. Bf4 Re8 13. a3 Bxc3 14. bxc3 Nh5
15. Be5 Qd8 16. c4 dxc4 17. Bxc4 Nxe5 18. dxe5 Qc7 19. h3 Rxe5 20. Nxe5 Qxe5
21. Qb3 Qe7 22. Red1 Nf6 23. a4 Ne4 24. Bxf7+ Kh8 25. Bg6 Ng5 26. h4 Ne6 27. h5
Nf8 28. Qa3 Nxg6 29. hxg6 Qe8 30. Qb3 Bf5 31. Qxb7 Bxg6 32. Rd7 Rb8 33. Qxc6
Bf5 34. Rd6 Qe5 35. Rad1 Be4 36. Re6 Qh5 37. Qd6 Bc2 38. Qxb8+ 1-0

[Event "DVM U20 2009"]
[Site "Chemnitz GER"]
[Date "2009.12.28"]
[Round "3"]
[White "Belger, Christian"]
[Black "Schwarz, Felix"]
[Result "1/2-1/2"]
[Termination "normal"]
[Board "7.4"]
[WhiteElo "1974"]
[BlackElo "1813"]
[WhiteTeam "USV Potsdam"]
[BlackTeam "Heilbronner SV"]
[PlyCount "61"]
[WhiteFideId "24622940"]
[BlackFideId "4639065"]
[EventCountry "GER"]
[EventRounds "7"]
[EventType "team-swiss"]
[EventDate "2009.12.26"]

1. e4 d5 2. exd5 Qxd5 3. Nf3 Nf6 4. Be2 Bg4 5. d4 Nc6 6. c4 Qd6 7. Be3 e6 8.
Nc3 a6 9. O-O Rd8 10. Qa4 Qb4 11. Qxb4 Bxb4 12. a3 Be7 13. Rfd1 O-O 14. b4 a5
15. b5 Nb8 16. h3 Bh5 17. g4 Bg6 18. Ne5 Nbd7 19. Nxg6 hxg6 20. c5 e5 21. c6
exd4 22. Bxd4 bxc6 23. bxc6 Nc5 24. Nb5 Nb3 25. Bxf6 Bxf6 26. Rab1 Nd4 27. Nxd4
Bxd4 28. Rb5 Bb6 29. Rd7 Rde8 30. Rb2 Re6 31. Rc2 1/2-1/2

[Event "DVM U20 2009"]
[Site "Chemnitz GER"]
[Date "2009.12.28"]
[Round "3"]
[White "Wang, Julia"]
[Black "Henschel, Tobias"]
[Result "1-0"]
[Termination "normal"]
[Board "7.5"]
[WhiteElo "1660"]
[BlackElo "1903"]
[WhiteTeam "Heilbronner SV"]
[BlackTeam "USV Potsdam"]
[PlyCount "61"]
[WhiteFideId "24692565"]
[BlackFideId "24601624"]
[EventCountry "GER"]
[EventRounds "7"]
[EventType "team-swiss"]
[EventDate "2009.12.26"]

1. e4 c5 2. Nc3 Nc6 3. f4 d6 4. Nf3 a6 5. a4 e6 6. Bc4 Be7 7. O-O Bd7 8. d3 Qc7
9. Qe1 Nf6 10. f5 Nd4 11. Nxd4 cxd4 12. Ne2 e5 13. Qg3 Rg8 14. Bg5 Rb8 15. Qh4
h6 16. Bxf6 Bxf6 17. Qh5 Bc6 18. Ng3 b5 19. axb5 Bxb5 20. Bd5 Kf8 21. Qh3 Be8
22. Rxa6 Qxc2 23. Nh5 Bg5 24. Rxd6 Rxb2 25. Qf3 Bb5 26. Rb6 Be3+ 27. Kh1 Bxd3
28. Rxb2 Qxb2 29. f6 g6 30. Qg4 Qb8 31. Qd7 1-0

[Event "DVM U20 2009"]
[Site "Chemnitz GER"]
[Date "2009.12.28"]
[Round "3"]
[White "Buchta, Moritz"]
[Black "Weißbeck, Joachim Daniel"]
[Result "1-0"]
[Termination "normal"]
[Board "7.6"]
[WhiteElo "1273"]
[BlackElo "1755"]
[WhiteTeam "USV Potsdam"]
[BlackTeam "Heilbronner SV"]
[PlyCount "79"]
[BlackFideId "4639227"]
[EventCountry "GER"]
[EventRounds "7"]
[EventType "team-swiss"]
[EventDate "2009.12.26"]

1. d4 f5 2. Nc3 Nf6 3. Bg5 e6 4. f3 Be7 5. e3 O-O 6. Bd3 d6 7. Nge2 h6 8. Bxf6
Bxf6 9. Qd2 g6 10. O-O-O Kh7 11. g3 b6 12. e4 Nc6 13. d5 Ne5 14. f4 Nxd3+ 15.
Qxd3 exd5 16. exf5 Bxf5 17. Qxd5 Qd7 18. Qc4 c6 19. Nd4 Bg4 20. Rd3 Rac8 21.
Re3 d5 22. Qd3 c5 23. Nf3 d4 24. Ne5 Bxe5 25. Rxe5 dxc3 26. Qxd7+ Bxd7 27. Re7+
Kg8 28. Rxd7 cxb2+ 29. Kxb2 Rf7 30. Rhd1 Rcf8 31. Kc3 Kg7 32. R1d6 Rxd7 33.
Rxd7+ Rf7 34. Rxf7+ Kxf7 35. Kc4 Ke6 36. Kb5 Kd5 37. Ka6 Kc4 38. Kxa7 Kb5 39.
g4 c4 40. f5 1-0

[Event "DVM U20 2009"]
[Site "Chemnitz GER"]
[Date "2009.12.28"]
[Round "3"]
[White "Siebarth, Raiko"]
[Black "Kappe, Benedikt"]
[Result "1/2-1/2"]
[Termination "normal"]
[Board "8.1"]
[WhiteElo "2218"]
[BlackElo "2027"]
[WhiteTeam "SG Blau-Weiß Stadtilm"]
[BlackTeam "SV 1947 Walldorf"]
[PlyCount "55"]
[WhiteFideId "4674766"]
[BlackFideId "24629855"]
[EventCountry "GER"]
[EventRounds "7"]
[EventType "team-swiss"]
[EventDate "2009.12.26"]

1. e4 d5 2. Nc3 dxe4 3. Nxe4 Bf5 4. Ng3 Bg6 5. h4 h6 6. d4 Nf6 7. c3 c6 8. Bc4
e6 9. N1e2 Bd6 10. Nf4 Bh7 11. Ngh5 O-O 12. Qf3 Nbd7 13. Bd2 b5 14. Be2 Be4 15.
Nxf6+ Nxf6 16. Qe3 Re8 17. Nh5 Bg6 18. Nxf6+ Qxf6 19. f4 Rac8 20. g4 c5 21. h5
Bh7 22. O-O cxd4 23. cxd4 Rc2 24. Bc1 Rec8 25. Rf2 Qh4 26. Bd1 Rxf2 27. Qxf2
Qh3 28. Qf3 1/2-1/2

[Event "DVM U20 2009"]
[Site "Chemnitz GER"]
[Date "2009.12.28"]
[Round "3"]
[White "Brede, Fabian"]
[Black "Hoffmann, Lena"]
[Result "1-0"]
[Termination "normal"]
[Board "8.2"]
[WhiteElo "1840"]
[BlackElo "1855"]
[WhiteTeam "SV 1947 Walldorf"]
[BlackTeam "SG Blau-Weiß Stadtilm"]
[PlyCount "77"]
[WhiteFideId "24665444"]
[BlackFideId "24626597"]
[EventCountry "GER"]
[EventRounds "7"]
[EventType "team-swiss"]
[EventDate "2009.12.26"]

1. d4 b6 2. c4 Bb7 3. Nc3 e6 4. Bf4 Bb4 5. a3 Bxc3+ 6. bxc3 Ne7 7. e3 O-O 8.
Nf3 d6 9. Qc2 Nd7 10. Bd3 h6 11. Ke2 Nf6 12. g4 d5 13. Rhg1 dxc4 14. Bxc4 Be4
15. Bd3 Bxd3+ 16. Qxd3 Ng6 17. Bg3 Rc8 18. g5 hxg5 19. Nxg5 Qd5 20. h4 Rfd8 21.
e4 Qd7 22. e5 Nd5 23. Kf1 c5 24. h5 Ngf4 25. Bxf4 Nxf4 26. Qh7+ Kf8 27. Rg4
Qb5+ 28. Kg1 Nd5 29. Nxe6+ Ke7 30. Nxd8 Rxd8 31. Rxg7 Rf8 32. e6 Kxe6 33. Re1+
Kd6 34. Rxf7 Rxf7 35. Qxf7 Nc7 36. dxc5+ bxc5 37. Rd1+ Kc6 38. Qg6+ Kb7 39. Rb1
1-0

[Event "DVM U20 2009"]
[Site "Chemnitz GER"]
[Date "2009.12.28"]
[Round "3"]
[White "Kinzel, Tiffany"]
[Black "Busch, Christian"]
[Result "0-1"]
[Termination "normal"]
[Board "8.3"]
[WhiteElo "1566"]
[BlackElo "1703"]
[WhiteTeam "SG Blau-Weiß Stadtilm"]
[BlackTeam "SV 1947 Walldorf"]
[PlyCount "57"]
[WhiteFideId "4633741"]
[BlackFideId "1270588"]
[EventCountry "GER"]
[EventRounds "7"]
[EventType "team-swiss"]
[EventDate "2009.12.26"]

1. Nc3 c5 2. e4 d6 3. Bc4 Nf6 4. f4 Nc6 5. h3 e6 6. d3 d5 7. Bb5 dxe4 8. dxe4
Qxd1+ 9. Kxd1 Bd7 10. Nf3 a6 11. Bd3 b5 12. b3 Be7 13. Be3 O-O 14. g4 Rac8 15.
e5 Nd5 16. Nxd5 exd5 17. f5 c4 18. bxc4 bxc4 19. Be2 Bb4 20. Bd2 Ba3 21. c3
Rce8 22. e6 fxe6 23. fxe6 Rxe6 24. Ng5 Re7 25. Bf3 Nb4 26. Bc1 Bxc1 27. cxb4
Bxg5 28. Bxd5+ Be6 29. Bb7 0-1